00519nam a2200181 a 4500008004100000020001500041050001800056100002300074245005300097250001200150260005000162300002500212350000900237500002700246650002300273650001400296700002700310060316s1988 ||||||||||||||||| || u a0078814227 aZ 286.D47 Mat aMatthews, Martin S10aUsing PageMaker for the PC, version 3. (2nd ed.) a2nd ed. aBerkeley, Calif. :bOsborne McGraw-Hillc1988 axviii, 579 p. : ill. a0.00 aIncludes bibliopgraphy aDESKTOP PUBLISHING aTEXTBOOKS aMatthews, Carole Boggs